NFL Football Mega General Knowledge - Statistics

General Stats
  • This quiz has been taken 572 times
    549 since last reset
  • The average score is 47 of 100
Answer Stats
Hint Answer % Correct
Number of Super Bowls won by Tom Brady Seven
99%
NFL team that most recently relocated cities Raiders
80%
Current head coach of the Pittsburgh Steelers Mike Tomlin
79%
This stadium is the home of the Kansas City Chiefs Arrowhead Stadium
78%
City that the Hall of Fame is located in Canton, Ohio
78%
Division that the Indianapolis Colts play in AFC South
77%
Name of the team that played in Houston prior to the Texans Oilers
77%
This team lost four straight Super Bowls in the early 1990s Buffalo Bills
76%
Former player nicknamed "Megatron" Calvin Johnson
76%
Former star player that was suspended for their role with dogfighting Michael Vick
74%
The Man of the Year award is named after this former player Walter Payton
74%
The most recent team to not win a single game for a whole season Cleveland Browns
72%
If a player is tackled inside their own endzone, the other team gets this amount of points Two
71%
Team that suffered the largest collapse in Super Bowl history in 2017 Atlanta Falcons
69%
Last name of the only brothers to matchup in the Super Bowl as opposing head coaches Harbaugh
69%
Term for when a defense sends a large number of attackers at the quarterback Blitz
68%
Term for when players group together before a play to receive a play call Huddle
68%
This former coach and announcer is the namesake of a popular NFL video game series John Madden
68%
Player that won MVP in 2015 and is known for his Superman style celebration Cam Newton
67%
In 2023, the NFL will have its first regular season game played in this country Germany
67%
Eli Manning was originally drafted by this team San Diego Chargers
67%
When a player on offense illegally moves before the snap, this penalty is called False Start
66%
When the quarterback throws the ball to the endzone in a desperate attempt at the end of a half, it is known as this Hail Mary
66%
A popular breakfast food or when an offensive lineman flattens a defender Pancake
66%
The Detroit Lions are one of the oldest teams in the league and have notably played in this amount of Super Bowls Zero
65%
Former player nicknamed "Primetime" Deion Sanders
63%
This school had 15 players drafted in 2022, a single year record University of Georgia
63%
Chad Johnson famously changed his last name to this to pay homage to his number Ocho Cinco
62%
If a kickoff results in a touchback, the ball comes out to this yardline 25
61%
This team's stadium was used to temporarily house dislocated people as a result of Hurricane Katrina in 2005 New Orleans Saints
60%
The Rams played in this city for awhile before moving back to Los Angeles St. Louis
60%
When a coach throws a red flag onto the field, they want to do this Challenge
59%
Sunday Night Football is broadcasted on this TV network NBC
58%
The two most common types of defense are man-to-man and this Zone
58%
This Cowboys owner/GM was elected into the Hall of Fame in 2023 Jerry Jones
57%
The Super Bowl trophy is named after this former coach Vince Lombardi
57%
Star player nicknamed "The Juice" OJ Simpson
56%
Geographically, this team is the furthest north in the league Seattle Seahawks
56%
Player known for kneeling during the National Anthem, generating a lot of backlash Colin Kaepernick
55%
The A in AFC stand for this American
53%
The smallest city by population that hosts an NFL team Green Bay
53%
Only one team is publicly owned by its fans. Which team is that? Green Bay Packers
53%
City that has hosted the most Super Bowls Miami
53%
The player within the last 5 years who has signed the richest deal in NFL history Patrick Mahomes
53%
Teams get three of these for each half and they can't be taken with you Timeouts
53%
Much-hated owner Dan Snyder finally sold this team in 2023 Washington Commanders
52%
This coach is notorious for his brief interviews and short responses to members of the media, not to mention his cut-off hoodies Bill Belichick
51%
This former #1 overall draft pick by the Raiders is often viewed as the biggest bust in NFL history JaMarcus Russell
50%
Although the altitude in Denver makes it easiest to kick in, Justin Tucker set the record for longest field goal while playing in this city in 2021 Detroit
49%
Maurice Jones-Drew, Fred Taylor, and Leonard Fournette were all at one point featured running backs for this team Jacksonville Jaguars
48%
This former star player was blackballed from the league after video of him knocking out his fiancee in an elevator circulated in 2014 Ray Rice
48%
When a defensive player tackles the QB behind the line of scrimmage, it is known as this statistical play Sack
48%
This team has been a gamblers favorite since 2015 as they have not lost a preseason game for a record 24 straight (as of 08/15/2023) Baltimore Ravens
47%
Rob Gronkowski threatened retirement to avoid being traded to this team Detroit Lions
47%
Star singer that notably had a wardrobe malfunction while performing half time of the Super Bowl Janet Jackson
46%
Light blue and black are the primary colors for this team Carolina Panthers
45%
The New England Patriots home stadium is in this Massachusetts city Foxborough
45%
2001 Super Bowl MVP was known as one of the scariest players in the league for how violent his hits could be Ray Lewis
45%
Seahawks fans, known for their loudness, are collectively referred to as this The 12th Man
43%
Player that has the record for most interceptions thrown by a rookie QB Peyton Manning
42%
This position is abbreviated as FB Full Back
40%
Most notable player to be drafted out of the University of Miami Ohio Ben Roethlisberger
39%
Player with the most kick/punt return touchdowns all time Devin Hester
39%
The Cowboys traded this star to the Vikings for a haul of draft picks that would go on to help create their 1990s dynasty Herschel Walker
39%
This team was the loser of Super Bowl I Kansas City Chiefs
39%
The orange posts at each corner of the endzone are called this Pylons
39%
City the Colts played in before moving to their current home in Indianapolis Baltimore
38%
Either of the two teams that share their name with an NHL franchise Panthers | Jets
38%
The draft combine has been held in this city for the last handful of years Indianapolis
37%
Name of the stadium that is the home of the Green Bay Packers Lambeau Field
37%
Fans of this team have a chant where they yell "Skol" as they clap their hands above their heads Minnesota Vikings
37%
George Halas is notable as being the founder of which NFL franchise? Chicago Bears
35%
Emmitt Smith finished his Hall of Fame career as a member of this team Arizona Cardinals
32%
Play where the running back fakes like they are running the ball before lateraling it back to the QB who passes the ball deep to a hopefully wide open receiver Flea Flicker
31%
Tua Tagovailoa is one of the few QBs that have made it to the league known for this trait Left-handed
30%
Former player nicknamed "Beast Mode" Marshawn Lynch
29%
Player that was fined for pretending to pull his pants down and moon the Packers fans after he scored a touchdown Randy Moss
28%
In 2002, this team won its first ever Super Bowl Tampa Bay Buccaneers
28%
How many teams' stadiums are located in the state of Maryland Two
28%
Jamal Anderson popularized this touchdown dance while playing for the Atlanta Falcons, it is also a nickname for the team today Dirty Bird
27%
This offensive lineman was featured in the movie the Blind Side Michael Oher
27%
When the ball is inside the opponent's 20 yard line, you are considered to be here Red Zone
27%
Current commissioner of the NFL Roger Goodell
27%
How the team who gets first possession of each game is decided Coin flip
26%
Tom Brady grew up as a fan of this team, idolizing their QB San Francisco 49ers
25%
Former player whose hair was insured for $1million by Head and Shoulders Troy Polamalu
25%
This player is forever known for losing fingers in a firework related accident Jason Pierre-Paul
24%
The first black starting quarterback to win a Super Bowl Doug Williams
22%
Early 2000s Patriots linebacker that would come in as a receiver in goal-line sets Mike Vrabel
22%
Former Bears kicker Cody Parkey missed a game-winning field goal attempt against the Eagles in the 2018 NFC Wild Card game and it became known as this Double Doink
21%
Famous play known only as "The Catch" was made by this 49ers player Dwight Clark
21%
Where the Pro Bowl was hosted prior to being moved to Las Vegas for the 2022 season Hawaii
20%
Player that thought they sacked Tom Brady in what would become known as the Tuck Rule play Charles Woodson
17%
This former Redskins head coach also has a NASCAR team in his name Joe Gibbs
14%
Joe Montana, Alan Page, and Tim Brown are alumni of this university Notre Dame
14%
This QB is considered the best to ever go to college at one of the military academies Roger Staubach
14%
This Louisiana university's football field has surprisingly hosted a Super Bowl before Tulane
12%
Host of the very popular RedZone Channel from NFL Network Scott Hanson
11%
Upon its completion in 2024, this team will set the record for having the largest outdoor HD video board featured in a US sports stadium New England Patriots
7%
This daughter of the Buffalo Bills owners is a current WTA tennis star ranked in the top 20 Jessica Pegula
6%
No matching quizzes found
Score Distribution
Percent of People with Each Score
Percentile by Number Answered
Your Score History
You have not taken this quiz since the last reset